Luật dân sự : Sách hướng dẫn học tập

Giới thiệu tổng quan về thừa kế, di chuyển di sản, thực hiện quyền hưởng di sản.

সংরক্ষণ করুন:
গ্রন্থ-পঞ্জীর বিবরন
প্রধান লেখক: Nguyễn, Thị Mỹ Linh
বিন্যাস: গ্রন্থ
ভাষা:Undetermined
প্রকাশিত: Cần Thơ Nxb. Đại học Cần Thơ 2015
বিষয়গুলি:
ট্যাগগুলো: ট্যাগ যুক্ত করুন
কোনো ট্যাগ নেই, প্রথমজন হিসাবে ট্যাগ করুন!
Thư viện lưu trữ: Trung tâm Học liệu Trường Đại học Cần Thơ
LEADER 00803nam a2200229Ia 4500
001 CTU_229808
008 210402s9999 xx 000 0 und d
082 |a 346.597 
082 |b L312/P.3 
100 |a Nguyễn, Thị Mỹ Linh 
245 0 |a Luật dân sự : 
245 0 |b Sách hướng dẫn học tập 
245 0 |c Nguyễn Thị Mỹ Linh (Biên soạn) 
260 |a Cần Thơ 
260 |b Nxb. Đại học Cần Thơ 
260 |c 2015 
520 |a Giới thiệu tổng quan về thừa kế, di chuyển di sản, thực hiện quyền hưởng di sản. 
650 |a Luật dân sự,Civil law 
650 |x Vietnam 
650 |z Việt Nam 
910 |b nthai 
980 |a Trung tâm Học liệu Trường Đại học Cần Thơ